Score 0/15 Timer 01:00
22 Plays Today
% Correct
Overdose
89.8%
Eldorado
76.5%
Don't Go
72%
Peter Pan
71.9%
Ko Ko Bop
68.2%
Lady Luck
66.7%
Love Shot
66.6%
Cloud 9
66.1%
% Correct
Thunder
65.4%
White Noise
61.9%
Two Moons
59.4%
She's Dreaming
59.1%
Boomerang
59%
Monster
57.1%
Winter Heat
50.5%

Today's Daily Dose

Remove Ads.
Support Sporcle.
Get the best of Sporcle when you Go Orange. This ad-free experience offers more features, more stats, and more fun while also helping to support Sporcle. Thank you for becoming a member.

You're not logged in!

Compare scores with friends on all Sporcle quizzes.
OR
Log In

Show Comments

Extras

Top Quizzes Today


Score Distribution

Your Account Isn't Verified!

In order to create a playlist on Sporcle, you need to verify the email address you used during registration. Go to your Sporcle Settings to finish the process.

Report this User

Report this user for behavior that violates our Community Guidelines.

Details: